Statistics for The Bison Quiz

Click here to take the quiz!

General Stats

  • This quiz has been taken 28 times
  • The average score is 9 of 15

Answer Stats

HintAnswer% Correct
Current predators of bisonHumans / wolves / cougars / grizzly bears / coyotes
89%
Region of North America well known for having bisonGreat Plains
78%
Name for group of bison which live togetherHerd
78%
Type of tent Native Americans often made with bison hidesTipi
78%
Species of bisonAmerican bison
67%
Species of bisonEuropean Bison
67%
Animal most closely related to bisonYak
67%
National park most famous for its bisonYellowstone
67%
Disaster in Eastern Europe that helped protect bison populationsChernobyl
44%
Behaviour in which bison lie down and roll around in mud or dustWallowing
44%
Rare colouring of bison furWhite
44%
Hybrid between bison and cattleBeefalo / Zubron
33%
Subspecies of above speciesPlains bison
33%
Bison is the national animal of these countriesPoland / Belarus
33%
Other subspeciesWoods bison
33%

Score Distribution

Percentile by Number Answered

Percent of People with Each Score

Your Score History

You have not taken this quiz